000 00488ntaaa2200193 4500
003 01
005 20251027202600.0
008 0714s1973 ag 01
040 _aAR-BaBN
_bspa
_cAR-BaBN
_eaacr
_dRIC
082 _a309.1821 M36c
100 _aMartĂ­nez Estrada, Ezequiel
245 _aLa cabeza de Goliat
250 _a1 ed.
260 _aBuenos Aires :
_bEditorial Nova,
_c1946
300 _a320 p
500 _aMicroscopia de Buenos Aires
650 _asociologĂ­a
_9341
942 _cBK
999 _c20922
_d20922